Statistics for World Cup Soccer Facts

Click here to take the quiz!

General Stats

  • This quiz has been taken 468 times
  • The average score is 7 of 20

Answer Stats

Hint Answer % Correct
Who is Edson Arantes do Nascimento?Pele
80%
Scored winning goal in 2010 finalAndres Iniesta
69%
Country that won the first World CupUruguay
67%
Only nation to play in every WC tournamentBrazil
66%
Scored the "Hand of God" goalDiego Maradona
66%
Nation with the worst penalty kick shootout recordEngland
59%
Name of legendary stadium in Rio de JaneiroMaracana
47%
Maradona's son-in-law who plays for ArgentinaSergio Aguero
42%
Player who scored a hat trick in the 1966 finalGeoff Hurst
34%
Player who scored a record 13 goals in one tournamentJust Fontaine
31%
Oldest player to score in a WC matchRoger Milla
24%
Country that was originally to host the 1986 tournamentColombia
17%
Scored the fastest goal in World Cup historyHakan Sukur
13%
Youngest player to play a WC matchNorman Whiteside
11%
Keeper with longest unbeaten streak in WC historyWalter Zenga
6%
First player to play in 5 tournamentsAntonio Carbajal
6%
Only captain to lose 2 finalsKarl Heinz Rummenigge
5%
This country awards goal-scorers a Rolls RoyceUnited Arab Emirates
5%
Nation w. first WC appearance in 2014 tournamentBosnia-Herzogovina
3%
Only substitute to score a hat trick in WC matchLaszlo Kiss
1%

Score Distribution

Percentile by Number Answered

Percent of People with Each Score

Your Score History

You have not taken this quiz